[Event "4NCL 3 South pool B"]
[Site "Telford, ENG ENG"]
[Date "2016.02.13"]
[Round "5.95"]
[White "Jones, Steven A"]
[Black "De Coverly, Roger D"]
[Result "1/2-1/2"]
[WhiteElo "2183"]
[BlackElo "2071"]
[PlyCount "104"]
[EventDate "2016.02.13"]
[WhiteTeam "Surbiton"]
[BlackTeam "Wessex"]

1. e4 e5 2. d4 exd4 3. c3 d5 4. exd5 Qxd5 5. cxd4 Nc6 6. Nf3 Bg4 7. Be2 Bb4+ 8.
Nc3 Bxf3 9. Bxf3 Qc4 10. Qb3 Qxb3 11. axb3 Nge7 12. Be3 a5 13. O-O O-O 14. Nb5
Bd6 15. Nxd6 cxd6 16. Rfc1 d5 17. Rc5 Rad8 18. Rac1 h6 19. g4 Kh8 20. Kg2 f5
21. Rb5 f4 22. Bd2 Ng6 23. Bd1 f3+ 24. Kg3 Nxd4 25. Rxb7 Ne2+ 26. Bxe2 fxe2 27.
Bxa5 Rb8 28. Rxb8 Rxb8 29. Kf3 Rxb3+ 30. Kxe2 Rxb2+ 31. Kf1 Ra2 32. Bc3 Nf4 33.
Rd1 Ra4 34. Rd4 Rxd4 35. Bxd4 Ne6 36. Be5 Kg8 37. f4 g6 38. Ke2 Kf7 39. Ke3 Nd8
40. f5 Nc6 41. Bb2 gxf5 42. gxf5 Kg8 43. Bc3 Kf7 44. Kf4 Kg8 45. Kg4 Kf7 46.
Kf4 Kg8 47. h3 Kf7 48. Kg4 d4 49. Ba1 d3 50. Bc3 Nd4 51. Bd2 h5+ 52. Kxh5 Nxf5
1/2-1/2

[Event "4NCL 3 South pool B"]
[Site "Telford, ENG ENG"]
[Date "2016.02.13"]
[Round "5.96"]
[White "Pleasants, Allan J"]
[Black "Singleton, Michael P F"]
[Result "1/2-1/2"]
[WhiteElo "2066"]
[BlackElo "2142"]
[PlyCount "97"]
[EventDate "2016.02.13"]
[WhiteTeam "Wessex"]
[BlackTeam "Surbiton"]

1. e4 c5 2. Nf3 Nc6 3. Bb5 g6 4. O-O Bg7 5. Bxc6 bxc6 6. d3 Nf6 7. e5 Nd5 8. c4
Nc7 9. Nc3 O-O 10. Be3 Ne6 11. Qd2 d5 12. Bh6 Rb8 13. Bxg7 Kxg7 14. b3 Qd7 15.
Na4 Qc7 16. Rac1 Rd8 17. Qe3 Qa5 18. h4 h5 19. Rfe1 Rb7 20. Ng5 Nd4 21. cxd5
Rxd5 22. Nc3 Nf5 23. Qe4 Rd4 24. Qxc6 Qd8 25. Qxc5 Rc7 26. Qa5 Rxd3 27. Rcd1
Rcd7 28. Qxd8 Rxd8 29. Nge4 Nxh4 30. Rxd3 Rxd3 31. Rd1 Rxd1+ 32. Nxd1 Bb7 33.
Ndc3 f5 34. exf6+ exf6 35. f3 Nf5 36. b4 Bxe4 37. Nxe4 Nd4 38. a4 Kf7 39. b5
Ke6 40. Kf2 f5 41. Nc3 g5 42. a5 Kd6 43. g4 hxg4 44. fxg4 fxg4 45. Kg3 Kc5 46.
b6 a6 47. Kxg4 Kc6 48. Kxg5 Nb3 49. Nd5 1/2-1/2

[Event "4NCL 3 South pool B"]
[Site "Telford, ENG ENG"]
[Date "2016.02.13"]
[Round "5.97"]
[White "Crombleholme, Alan K"]
[Black "Jenks, Chris B"]
[Result "1-0"]
[WhiteElo "2056"]
[BlackElo "2109"]
[PlyCount "69"]
[EventDate "2016.02.13"]
[WhiteTeam "Surbiton"]
[BlackTeam "Wessex"]

1. d4 Nf6 2. c4 c5 3. d5 b5 4. cxb5 a6 5. bxa6 g6 6. g3 d6 7. b3 Bg7 8. Bb2 O-O
9. Bg2 Nxa6 10. Nh3 Bxh3 11. Bxh3 Nb4 12. Bg2 Rxa2 13. Rxa2 Nxa2 14. O-O Qa5
15. e4 Rb8 16. Nd2 Nc3 17. Qf3 Nd7 18. Ra1 Qb4 19. Ra7 Nb5 20. Rxd7 Bxb2 21.
Rxe7 Rf8 22. Nc4 Bg7 23. Bf1 Qe1 24. Qe3 Qxe3 25. fxe3 Rb8 26. Rd7 Bf8 27. e5
Nc3 28. Nxd6 Rxb3 29. Bc4 Rb1+ 30. Kg2 Bxd6 31. Rxd6 Ne4 32. Rd8+ Kg7 33. e6
Rb2+ 34. Kf3 f5 35. Kf4 1-0

[Event "4NCL 3 South pool B"]
[Site "Telford, ENG ENG"]
[Date "2016.02.13"]
[Round "5.98"]
[White "Simons, Martin J"]
[Black "Shepherd, Paul D"]
[Result "0-1"]
[WhiteElo "2028"]
[BlackElo "2053"]
[PlyCount "102"]
[EventDate "2016.02.13"]
[WhiteTeam "Wessex"]
[BlackTeam "Surbiton"]

1. d4 d5 2. e4 dxe4 3. Nc3 Nf6 4. f3 exf3 5. Nxf3 e6 6. Bg5 Be7 7. Bd3 Nbd7 8.
O-O c5 9. dxc5 Nxc5 10. Bb5+ Bd7 11. Bxd7+ Ncxd7 12. Kh1 O-O 13. Qe2 Qa5 14.
Rad1 Rad8 15. Rd4 Rfe8 16. Rfd1 Nf8 17. a3 Rxd4 18. Rxd4 a6 19. Ne5 Rd8 20.
Rxd8 Qxd8 21. Qf3 Qc7 22. Qe3 h6 23. Bh4 Ng4 24. Nxg4 Bxh4 25. Qd3 Ng6 26. Ne2
Ne5 27. Nxe5 Qxe5 28. c3 Be7 29. g3 Bc5 30. b4 Qd6 31. Qe4 Ba7 32. c4 Qc6 33.
Qxc6 bxc6 34. c5 e5 35. Nc3 Kf8 36. Ne4 Bb8 37. Kg2 Ke7 38. Kf3 f5 39. Nd2 Ke6
40. Nc4 Bc7 41. a4 h5 42. a5 g5 43. Nb6 Bd8 44. h3 g4+ 45. hxg4 hxg4+ 46. Ke3
Bg5+ 47. Ke2 f4 48. gxf4 exf4 49. Kf2 f3 50. Nc4 Bh4+ 51. Ke3 Be1 0-1

[Event "4NCL 3 South pool B"]
[Site "Telford, ENG ENG"]
[Date "2016.02.13"]
[Round "5.99"]
[White "Alcock, Graham P"]
[Black "Adaway, William"]
[Result "0-1"]
[WhiteElo "1832"]
[BlackElo "1994"]
[PlyCount "102"]
[EventDate "2016.02.13"]
[WhiteTeam "Surbiton"]
[BlackTeam "Wessex"]

1. e4 c5 2. d4 cxd4 3. c3 dxc3 4. Nxc3 e6 5. Nf3 Bc5 6. Bc4 Ne7 7. O-O Ng6 8.
Qe2 O-O 9. a3 Nc6 10. Bg5 Nd4 11. Bxd8 Nxe2+ 12. Nxe2 Rxd8 13. Rfd1 a6 14. Rac1
b6 15. b4 Be7 16. Nfd4 Bb7 17. f3 Rac8 18. Kf1 Bg5 19. Rc2 Ne5 20. Bb3 Rxc2 21.
Nxc2 Be7 22. Ne3 b5 23. f4 Nc6 24. g3 a5 25. Nd4 Nxd4 26. Rxd4 axb4 27. axb4
Bc6 28. Nc2 Kf8 29. Kf2 Rc8 30. Ke3 Bd8 31. Rd1 d5 32. exd5 Bxd5 33. Bxd5 Rxc2
34. Bg2 Bb6+ 35. Kf3 Rf2+ 36. Kg4 Rxg2 37. Rd6 Bc7 38. Rc6 Bd8 39. Rc8 Rd2 40.
Rb8 Rd5 41. Kf3 Ke7 42. Rb7+ Kf6 43. g4 Kg6 44. Ke4 f5+ 45. gxf5+ Rxf5 46. Rd7
Rd5 47. f5+ Kf6 48. fxe6 Rxd7 49. exd7 Ke6 50. Kd4 Kd6 51. h3 Be7 0-1

[Event "4NCL 3 South pool B"]
[Site "Telford, ENG ENG"]
[Date "2016.02.13"]
[Round "5.100"]
[White "Gregory, Keith D F"]
[Black "Durrant, Paul Eo"]
[Result "1-0"]
[WhiteElo "2013"]
[BlackElo "1570"]
[PlyCount "71"]
[EventDate "2016.02.13"]
[WhiteTeam "Wessex"]
[BlackTeam "Surbiton"]

1. Nf3 c5 2. c4 Nc6 3. g3 g6 4. Bg2 Bg7 5. O-O Nf6 6. Nc3 O-O 7. d3 d6 8. a3
Bd7 9. Rb1 Qc8 10. b4 cxb4 11. axb4 Bh3 12. b5 Bxg2 13. Kxg2 Nd8 14. Bb2 Re8
15. e4 Nd7 16. Qe2 e5 17. Ra1 Ne6 18. Ra3 Nb6 19. Rfa1 Qb8 20. Bc1 Nc5 21. Be3
Nbd7 22. Nd5 b6 23. Bg5 f6 24. Be3 f5 25. Qc2 fxe4 26. dxe4 Nf6 27. Bxc5 dxc5
28. Nd2 Qb7 29. f3 Nxd5 30. cxd5 Re7 31. Nc4 Kh8 32. Ra6 Rb8 33. Qa4 Ra8 34.
Rxb6 Qd7 35. Ra6 Bh6 36. b6 1-0

[Event "4NCL 3 South pool B"]
[Site "Telford, ENG ENG"]
[Date "2016.02.13"]
[Round "5.105"]
[White "Farkas, Daniel"]
[Black "Byway, Paul V"]
[Result "1-0"]
[WhiteElo "2109"]
[BlackElo "2104"]
[PlyCount "145"]
[EventDate "2016.02.13"]
[WhiteTeam "Fermented Sharks"]
[BlackTeam "Poisoned Pawns"]

1. e4 c5 2. c3 d5 3. exd5 Qxd5 4. d4 e6 5. Nf3 Nf6 6. a3 Nc6 7. Be3 cxd4 8.
cxd4 Be7 9. Nc3 Qd6 10. Bd3 O-O 11. O-O a6 12. Qe2 b5 13. Rfe1 Bb7 14. Rad1
Rfd8 15. Bb1 Rac8 16. Ng5 Na5 17. d5 exd5 18. Bd4 h6 19. Qd3 Ne4 20. Ngxe4 dxe4
21. Nxe4 Qg6 22. Qe2 Qc6 23. Qg4 g6 24. Nc3 Bf8 25. Be4 Qd7 26. Qf3 f5 27. Bb6
fxe4 28. Rxd7 exf3 29. Bxd8 Bc6 30. Rd3 Nc4 31. Nd1 fxg2 32. Bf6 Kf7 33. Bc3 a5
34. Ne3 Be4 35. Rd7+ Ke6 36. Nxc4 Rxc4 37. Rd2 b4 38. axb4 axb4 39. f3 bxc3 40.
bxc3 Bg7 41. Rxe4+ Rxe4 42. fxe4 Bxc3 43. Rd5 g5 44. Kxg2 Be5 45. h3 h5 46. Kf3
Bf6 47. Ra5 Be7 48. Ra8 Bf6 49. Ra7 Ke5 50. Rf7 Bd8 51. Rf5+ Ke6 52. h4 gxh4
53. Rxh5 Be7 54. Kf4 Bd6+ 55. e5 Be7 56. Ke4 Bd8 57. Rh6+ Kf7 58. Kf5 Kg7 59.
Rd6 Ba5 60. Rg6+ Kf7 61. Rh6 Be1 62. Rh7+ Kg8 63. Kg6 Bc3 64. e6 Kf8 65. Rxh4
Ke7 66. Kf5 Bb2 67. Rh7+ Ke8 68. Rb7 Bc3 69. Ke4 Bd2 70. Ke5 Bc3+ 71. Kd6 Kf8
72. e7+ Kf7 73. Kd7 1-0

[Event "4NCL 3 South pool B"]
[Site "Telford, ENG ENG"]
[Date "2016.02.13"]
[Round "5.106"]
[White "Kemp, Paul R"]
[Black "Agnew, Alan"]
[Result "0-1"]
[WhiteElo "2099"]
[BlackElo "2092"]
[PlyCount "112"]
[EventDate "2016.02.13"]
[WhiteTeam "Poisoned Pawns"]
[BlackTeam "Fermented Sharks"]

1. e4 g6 2. d4 Bg7 3. Nc3 d6 4. f4 Nf6 5. Nf3 c5 6. dxc5 Qa5 7. Qd4 dxc5 8. Qc4
Be6 9. Qb5+ Nc6 10. Qxa5 Nxa5 11. Bb5+ Nd7 12. Nd5 Bxd5 13. exd5 a6 14. Be2 Nb6
15. Bd2 Nac4 16. Bxc4 Nxc4 17. Rb1 Rd8 18. Bc3 O-O 19. Bxg7 Kxg7 20. Ke2 Rxd5
21. Rhd1 Rfd8 22. Rxd5 Rxd5 23. b3 Na3 24. Rc1 Nb5 25. c4 Nd4+ 26. Ke3 Rd6 27.
Ne5 f6 28. Nd3 Re6+ 29. Kf2 Re2+ 30. Kf1 Rxa2 31. Nxc5 b6 32. Nd7 Nxb3 33. Re1
Nd2+ 34. Kg1 Kf7 35. Nxb6 Rc2 36. Nd5 e6 37. Nc7 Rxc4 38. Nxe6 Re4 39. Nd8+ Ke8
40. Rxe4+ Nxe4 41. Nc6 Kf7 42. Nd4 Ke7 43. Kf1 Kd6 44. Ke2 Kd5 45. Ke3 f5 46.
h3 a5 47. g4 Nd6 48. Kd3 a4 49. Nc2 fxg4 50. hxg4 h5 51. f5 Nxf5 52. gxf5 gxf5
53. Nb4+ Kc5 54. Kc3 h4 55. Nd3+ Kd5 56. Nf2 Ke5 0-1

[Event "4NCL 3 South pool B"]
[Site "Telford, ENG ENG"]
[Date "2016.02.13"]
[Round "5.107"]
[White "Okhai, Shabir"]
[Black "Rosen, Daniel B"]
[Result "1/2-1/2"]
[WhiteElo "2047"]
[BlackElo "2061"]
[PlyCount "74"]
[EventDate "2016.02.13"]
[WhiteTeam "Fermented Sharks"]
[BlackTeam "Poisoned Pawns"]

1. e4 d6 2. d4 g6 3. Nf3 Bg7 4. Bc4 c6 5. O-O Nf6 6. Qe2 O-O 7. Bb3 Na6 8. h3
Nc7 9. c3 b5 10. Rd1 Bb7 11. Nbd2 a5 12. Nf1 Qe8 13. Ng3 e5 14. Bc2 Qe7 15. h4
h5 16. Ng5 Bc8 17. Qd3 Ne6 18. dxe5 dxe5 19. Qd6 Qxd6 20. Rxd6 Ra6 21. Bb3 Ne8
22. Rd1 N8c7 23. Be3 Bf6 24. Rd2 Be7 25. Rad1 Ra8 26. Nf3 f6 27. Ne2 a4 28. Bc2
Nc5 29. Nc1 Be6 30. Bb1 N7a6 31. Ne1 Rfd8 32. f3 Rxd2 33. Rxd2 Rd8 34. Rxd8+
Bxd8 35. Ned3 Be7 36. Bc2 Nxd3 37. Bxd3 Nc5 1/2-1/2

[Event "4NCL 3 South pool B"]
[Site "Telford, ENG ENG"]
[Date "2016.02.13"]
[Round "5.110"]
[White "Judkins, Brian D"]
[Black "Mc Aleenan, Charles"]
[Result "1/2-1/2"]
[WhiteElo "1869"]
[BlackElo "1900"]
[PlyCount "59"]
[EventDate "2016.02.13"]
[WhiteTeam "Poisoned Pawns"]
[BlackTeam "Fermented Sharks"]

1. e4 e6 2. d4 d5 3. Nc3 Bb4 4. e5 c5 5. a3 Bxc3+ 6. bxc3 Ne7 7. Nf3 h6 8. a4
Qa5 9. Bd2 Nbc6 10. Bb5 Bd7 11. Qb1 a6 12. Be2 cxd4 13. cxd4 Qc7 14. O-O Nf5
15. Be3 O-O 16. Bd3 Nxe3 17. fxe3 f6 18. exf6 Rxf6 19. e4 dxe4 20. Bxe4 Raf8
21. Qb3 Qf4 22. Qd3 Nb4 23. Qe2 Bc6 24. Bxc6 Nxc6 25. c3 Qc7 26. Qc4 Qd6 27.
Rae1 Na5 28. Qd3 Nc6 29. Qc4 Na5 30. Qd3 1/2-1/2

[Event "4NCL 3 South pool B"]
[Site "Telford, ENG ENG"]
[Date "2016.02.13"]
[Round "5.115"]
[White "Mercs, Peter J"]
[Black "Mashayekh, Majid"]
[Result "1-0"]
[WhiteElo "2111"]
[BlackElo "1934"]
[PlyCount "64"]
[EventDate "2016.02.13"]
[WhiteTeam "Ashfield-Breadsall 1"]
[BlackTeam "CSC Rhinos [2]"]

1. e4 e6 2. d4 d5 3. Nd2 dxe4 4. Nxe4 Nd7 5. Nf3 Ngf6 6. Nxf6+ Nxf6 7. Bd3 Be7
8. O-O O-O 9. Re1 c6 10. Ne5 h6 11. c3 Qb6 12. Qf3 Nh7 13. Qg3 Bg5 14. Bxh7+
Kxh7 15. Bxg5 hxg5 16. Qxg5 Qxb2 17. Rad1 Qc2 18. Rd3 f6 19. Rh3+ Kg8 20. Qh5
fxe5 21. Qh8+ Kf7 22. Rf3+ Qf5 23. Rxf5+ exf5 24. Qh5+ Kg8 25. Rxe5 Bd7 26. f4
Rae8 27. Qe2 Rxe5 28. Qxe5 a6 29. Qc7 Bc8 30. c4 Be6 31. Qxb7 Bxc4 32. Qxc6
Bxa2 1-0

[Event "4NCL 3 South pool B"]
[Site "Telford, ENG ENG"]
[Date "2016.02.13"]
[Round "5.116"]
[White "Fowler, David"]
[Black "Walker, Andrew N"]
[Result "1/2-1/2"]
[WhiteElo "1881"]
[BlackElo "2074"]
[PlyCount "101"]
[EventDate "2016.02.13"]
[WhiteTeam "CSC Rhinos [2]"]
[BlackTeam "Ashfield-Breadsall 1"]

1. d4 f5 2. Nc3 d5 3. Bf4 Nf6 4. e3 c6 5. h3 Qa5 6. Bd3 e6 7. Nge2 Bb4 8. a3
Be7 9. b4 Qd8 10. O-O O-O 11. Na4 Nbd7 12. c4 Nb6 13. c5 Nxa4 14. Qxa4 Nh5 15.
Be5 Bf6 16. f4 g5 17. g3 Bxe5 18. dxe5 Rf7 19. Kh2 Bd7 20. Rg1 gxf4 21. gxf4+
Rg7 22. Rxg7+ Kxg7 23. Rg1+ Kh8 24. Rg5 Qe8 25. Nd4 h6 26. Rg2 Qf7 27. Qd1 a6
28. Bxf5 exf5 29. e6 Bxe6 30. Nxe6 Qxe6 31. Qxh5 Rg8 32. Rxg8+ Kxg8 33. Qe2 Kh7
34. Qd3 Qg6 35. Qd1 h5 36. Qe1 Qf6 37. Qe2 Kh6 38. Qd2 h4 39. Qd4 Qxd4 40. exd4
Kg6 41. Kg2 Kf6 42. Kf3 Ke6 43. Ke3 Kd7 44. Kd3 Kc7 45. Kc3 b5 46. cxb6+ Kxb6
47. Kb2 Kb7 48. Kb3 Kc7 49. Ka4 Kb6 50. Kb3 Kc7 51. Ka4 1/2-1/2

[Event "4NCL 3 South pool B"]
[Site "Telford, ENG ENG"]
[Date "2016.02.13"]
[Round "5.117"]
[White "Combie, Alex B"]
[Black "Homolka, Vincent"]
[Result "0-1"]
[WhiteElo "2041"]
[BlackElo "1811"]
[PlyCount "130"]
[EventDate "2016.02.13"]
[WhiteTeam "Ashfield-Breadsall 1"]
[BlackTeam "CSC Rhinos [2]"]

1. d4 d5 2. c4 e6 3. Nf3 c5 4. cxd5 exd5 5. g3 Nc6 6. Bg2 Nf6 7. O-O Be7 8. Nc3
O-O 9. Bg5 c4 10. Ne5 Be6 11. Rc1 h6 12. Bxf6 Bxf6 13. f4 Ne7 14. e3 Qa5 15.
Ng4 Bxg4 16. Qxg4 Rad8 17. Rfe1 Rfe8 18. f5 b5 19. a3 Qb6 20. Ne2 Bg5 21. Qf3
Nxf5 22. Nf4 Bxf4 23. Qxf4 Qf6 24. Bh3 Nd6 25. Qxf6 gxf6 26. Rf1 Kg7 27. Bg2
Ne4 28. Bxe4 Rxe4 29. Rf3 Rde8 30. Rcf1 R8e6 31. Rf5 Rd6 32. R1f3 Kg6 33. Kf2
a5 34. Ke2 b4 35. axb4 axb4 36. Kd2 Re8 37. R5f4 Ree6 38. Rg4+ Kh7 39. Rf5 Re8
40. Rh4 Kg6 41. Rf3 Ra6 42. Rg4+ Kh7 43. Rf5 Rd6 44. Rh5 Ra8 45. Rgh4 Ra2 46.
Rxh6+ Kg7 47. Rh8 Rxb2+ 48. Kc1 c3 49. Ra8 f5 50. Rah8 Re6 51. R4h7+ Kg6 52.
Rh6+ Kg7 53. R8h7+ Kf8 54. Rxe6 fxe6 55. Rb7 Rxh2 56. Rxb4 Re2 57. Rb8+ Kf7 58.
Rb7+ Kf6 59. Rb8 Rxe3 60. Rg8 Rd3 61. g4 Rg3 62. g5+ Rxg5 63. Ra8 Rg2 64. Ra3
Rd2 65. Rxc3 Rxd4 0-1

[Event "4NCL 3 South pool B"]
[Site "Telford, ENG ENG"]
[Date "2016.02.13"]
[Round "5.118"]
[White "Towers, Nigel S"]
[Black "Garnett, John S"]
[Result "0-1"]
[WhiteElo "1792"]
[BlackElo "1995"]
[PlyCount "50"]
[EventDate "2016.02.13"]
[WhiteTeam "CSC Rhinos [2]"]
[BlackTeam "Ashfield-Breadsall 1"]

1. e4 c6 2. d4 d5 3. exd5 cxd5 4. Bd3 Nc6 5. c3 Qc7 6. Ne2 Bg4 7. f3 Bd7 8. Bf4
e5 9. dxe5 Nxe5 10. Bc2 Bd6 11. Bg3 Nf6 12. Qd4 O-O 13. Nd2 Rfe8 14. O-O-O Nxf3
15. Nxf3 Rxe2 16. Bxd6 Qxd6 17. Rhe1 Rxg2 18. Ne5 Be6 19. Rg1 Rxg1 20. Rxg1 Qb6
21. Qd1 Qe3+ 22. Kb1 Qxe5 23. Rf1 Bg4 24. Qd2 Re8 25. Rg1 Bf5 0-1

[Event "4NCL 3 South pool B"]
[Site "Telford, ENG ENG"]
[Date "2016.02.13"]
[Round "5.119"]
[White "George, Matthew P"]
[Black "Dhemrait, Jagdeep"]
[Result "1-0"]
[WhiteElo "2032"]
[BlackElo "1676"]
[PlyCount "63"]
[EventDate "2016.02.13"]
[WhiteTeam "Ashfield-Breadsall 1"]
[BlackTeam "CSC Rhinos [2]"]

1. Nf3 d5 2. c4 dxc4 3. e4 Nc6 4. Bxc4 Bg4 5. Bxf7+ Kxf7 6. Ng5+ Ke8 7. Qxg4
Nd4 8. Qd1 e5 9. d3 Bb4+ 10. Nc3 Nb5 11. O-O Nxc3 12. bxc3 Bxc3 13. Qb3 Qe7 14.
Qxc3 Nf6 15. Ba3 c5 16. Qxc5 Qxc5 17. Bxc5 h6 18. Nf3 Nd7 19. Bd6 Rd8 20. Bc7
Rc8 21. Rac1 Ke7 22. Nxe5 Rhg8 23. Nxd7 Kxd7 24. Bf4 a6 25. Rxc8 Rxc8 26. Rc1
Rd8 27. Kf1 Ke6 28. Ke2 g5 29. Be3 Rd7 30. Rb1 Kf7 31. Rb6 Kg7 32. a4 1-0

[Event "4NCL 3 South pool B"]
[Site "Telford, ENG ENG"]
[Date "2016.02.13"]
[Round "5.120"]
[White "Weaver, Lauren"]
[Black "Jarvis, Derek A"]
[Result "1/2-1/2"]
[WhiteElo "1522"]
[BlackElo "1934"]
[PlyCount "112"]
[EventDate "2016.02.13"]
[WhiteTeam "CSC Rhinos [2]"]
[BlackTeam "Ashfield-Breadsall 1"]

1. d4 Nf6 2. Nf3 g6 3. Nc3 d5 4. e3 Bg7 5. Bd3 O-O 6. O-O b6 7. b3 Bb7 8. Bb2
Nbd7 9. Nb1 Ne4 10. Nbd2 e6 11. c4 f5 12. Qe2 g5 13. cxd5 exd5 14. Rac1 c6 15.
Rc2 Qf6 16. Ba6 Rab8 17. Rfc1 Rfc8 18. Bxb7 Rxb7 19. Ne1 Rbc7 20. Nd3 Qe6 21.
Ba3 Bf8 22. Bxf8 Kxf8 23. Qh5 Qf7 24. Qxf7+ Kxf7 25. Nxe4 dxe4 26. Nb4 c5 27.
Na6 Rc6 28. Nb4 Rd6 29. Na6 Rd8 30. Rd1 cxd4 31. Rxd4 Nc5 32. Nxc5 Rxd4 33.
exd4 bxc5 34. Rxc5 Rxd4 35. Rc7+ Kf6 36. Kf1 a5 37. Rxh7 Rd2 38. Rc7 Rxa2 39.
Ke1 f4 40. Rc6+ Ke5 41. Rc5+ Kd4 42. Rxg5 Kc3 43. Rf5 Ra1+ 44. Ke2 Ra2+ 45. Ke1
e3 46. Rxf4 Rxf2 47. Rxf2 exf2+ 48. Kxf2 Kxb3 49. g4 a4 50. g5 a3 51. g6 a2 52.
g7 a1=Q 53. g8=Q+ Kb4 54. Qb8+ Kc5 55. Qc7+ Kd5 56. Qb7+ Ke6 1/2-1/2

[Event "4NCL 3 South pool B"]
[Site "Telford, ENG ENG"]
[Date "2016.02.13"]
[Round "5.125"]
[White "Ingram, Keith R"]
[Black "Elwin, Adrian G"]
[Result "1/2-1/2"]
[WhiteElo "1996"]
[BlackElo "1985"]
[PlyCount "74"]
[EventDate "2016.02.13"]
[WhiteTeam "Warwickshire Select 2"]
[BlackTeam "MK Phoenix 2"]

1. e4 c6 2. Nc3 d5 3. Nf3 dxe4 4. Nxe4 Nf6 5. Nxf6+ gxf6 6. d4 Bf5 7. c3 e6 8.
Qb3 Qb6 9. Bc4 Nd7 10. Bf4 Qxb3 11. Bxb3 Nb6 12. O-O Bg7 13. Rfe1 O-O 14. a3
Nd5 15. Bd2 Rfe8 16. Nh4 Bg6 17. Nxg6 hxg6 18. c4 Nb6 19. Ba5 f5 20. Rad1 Nd7
21. Re2 Nf6 22. Red2 Rac8 23. f3 b6 24. Bc3 b5 25. cxb5 cxb5 26. a4 bxa4 27.
Bxa4 Red8 28. Bb3 Nd5 29. Bxd5 Rxd5 30. Ra1 Rc7 31. Kf1 e5 32. dxe5 Rxd2 33.
Bxd2 Bxe5 34. Bc3 Bxc3 35. bxc3 Rxc3 36. Rxa7 Rc2 37. Re7 Kg7 1/2-1/2

[Event "4NCL 3 South pool B"]
[Site "Telford, ENG ENG"]
[Date "2016.02.13"]
[Round "5.126"]
[White "Valentine, Brian J"]
[Black "Hunt, Malcolm A"]
[Result "0-1"]
[WhiteElo "1963"]
[BlackElo "2068"]
[PlyCount "132"]
[EventDate "2016.02.13"]
[WhiteTeam "MK Phoenix 2"]
[BlackTeam "Warwickshire Select 2"]

1. e4 e5 2. Nf3 Nc6 3. Bb5 Nf6 4. Qe2 d6 5. d4 Bd7 6. c3 a6 7. Ba4 b5 8. Bb3
Be7 9. O-O O-O 10. Nbd2 h6 11. Re1 Re8 12. d5 Na5 13. Bc2 c6 14. b4 Nc4 15.
Nxc4 bxc4 16. Qxc4 cxd5 17. exd5 Bb5 18. Qh4 Nxd5 19. Qg3 Nxc3 20. Bxh6 Bf6 21.
Bg5 Ne2+ 22. Rxe2 Bxe2 23. Bxf6 Qxf6 24. Ng5 e4 25. Re1 Bd3 26. Bb3 Ra7 27.
Qxd3 Qxg5 28. Qxd6 e3 29. f4 Qg4 30. Ba4 Ree7 31. Qd8+ Kh7 32. Qd3+ g6 33. Rxe3
Qxf4 34. Rh3+ Kg7 35. Qc3+ f6 36. Rf3 Rac7 37. Rxf4 Rxc3 38. b5 axb5 39. Bxb5
Rc1+ 40. Rf1 Rxf1+ 41. Kxf1 Rc7 42. Ba4 f5 43. Ke2 Kf6 44. Bb3 g5 45. h3 Ke5
46. Kf2 Rc3 47. g3 Ke4 48. Kg2 f4 49. gxf4 gxf4 50. h4 Ke3 51. Bd5 Rd3 52. Bc4
f3+ 53. Kg3 Rd2 54. h5 Rg2+ 55. Kh3 Rg1 56. a4 f2 57. a5 f1=Q+ 58. Bxf1 Rxf1
59. Kg4 Ke4 60. Kg5 Ke5 61. Kg6 Ke6 62. h6 Rg1+ 63. Kh7 Kf6 64. a6 Rd1 65. a7
Rd7+ 66. Kg8 Rxa7 0-1

[Event "4NCL 3 South pool B"]
[Site "Telford, ENG ENG"]
[Date "2016.02.13"]
[Round "5.127"]
[White "Charnley, Bernard J"]
[Black "Williamson, Kevin J"]
[Result "1/2-1/2"]
[WhiteElo "2032"]
[BlackElo "1956"]
[PlyCount "119"]
[EventDate "2016.02.13"]
[WhiteTeam "Warwickshire Select 2"]
[BlackTeam "MK Phoenix 2"]

1. d4 Nf6 2. Nf3 d5 3. e3 Bf5 4. Nh4 Bg6 5. Nxg6 hxg6 6. Nd2 e6 7. Bd3 Nbd7 8.
f4 c5 9. c3 cxd4 10. exd4 Bd6 11. Nf1 Nh5 12. Qf3 Qf6 13. Be3 Bxf4 14. Bf2 Bd6
15. Qxf6 Nhxf6 16. Bg3 Bxg3+ 17. Nxg3 Ng4 18. h3 Ne3 19. Kf2 Nf5 20. Rae1 Nxg3
21. Kxg3 O-O 22. h4 Nf6 23. Kf3 Rfe8 24. g4 Kf8 25. Kf4 Ke7 26. h5 gxh5 27. g5
Nd7 28. Rxh5 Rh8 29. Reh1 Rxh5 30. Rxh5 Kd6 31. Rh7 Rg8 32. Be2 Nf8 33. Rh3
Ng6+ 34. Ke3 Rh8 35. Rxh8 Nxh8 36. Bd3 f6 37. Kf4 Nf7 38. gxf6 gxf6 39. c4 dxc4
40. Bxc4 Nd8 41. a3 Nc6 42. Ke3 e5 43. dxe5+ Kxe5 44. b4 f5 45. Bf1 Nd4 46. Bd3
f4+ 47. Kf2 b6 48. Bb1 a5 49. bxa5 bxa5 50. Bd3 Kd5 51. Kg2 Kc5 52. Kf2 Nb5 53.
a4 Nc3 54. Kf3 Nxa4 55. Kxf4 Kd4 56. Bb5 Nc3 57. Be8 Kc4 58. Ke3 Nb5 59. Bxb5+
Kxb5 60. Kd2 1/2-1/2

[Event "4NCL 3 South pool B"]
[Site "Telford, ENG ENG"]
[Date "2016.02.13"]
[Round "5.128"]
[White "Adebajo, Olufemi"]
[Black "Webster, Paul"]
[Result "1/2-1/2"]
[WhiteElo "1954"]
[BlackElo "1970"]
[PlyCount "137"]
[EventDate "2016.02.13"]
[WhiteTeam "MK Phoenix 2"]
[BlackTeam "Warwickshire Select 2"]

1. e4 d6 2. d4 Nf6 3. Nc3 g6 4. Bg5 a6 5. Qd2 h6 6. Bh4 g5 7. Bg3 Nh5 8. O-O-O
Bg7 9. Qe3 Nxg3 10. hxg3 Nc6 11. Kb1 b5 12. f4 Bg4 13. Nf3 e6 14. Be2 b4 15.
Na4 Qe7 16. fxg5 hxg5 17. Rxh8+ Bxh8 18. e5 d5 19. Rh1 Bg7 20. Nc5 Nb8 21. Bd1
Bxf3 22. Bxf3 Nd7 23. Nd3 O-O-O 24. Qd2 Bf8 25. c3 a5 26. cxb4 axb4 27. Rc1 f6
28. Qc2 c5 29. Nxb4 Nb8 30. exf6 Qxf6 31. dxc5 Bg7 32. c6 Kc7 33. a3 Rd6 34.
Ka2 Qd4 35. Be2 Rd8 36. Rd1 Qe5 37. Rf1 Rf8 38. Rxf8 Bxf8 39. Qh7+ Bg7 40. Qc2
Qd4 41. Bb5 Qe5 42. Nd3 Qd4 43. Nc5 Qe5 44. a4 Qd6 45. Qf2 Qe7 46. Qc2 Be5 47.
Nd3 Bd6 48. Qc3 e5 49. Qb3 e4 50. Ne1 Nxc6 51. Bxc6 Kxc6 52. Qb5+ Kc7 53. Qxd5
e3 54. g4 e2 55. Qa5+ Kc8 56. Qa8+ Kd7 57. Qb7+ Bc7 58. Qd5+ Ke8 59. Qc6+ Kd8
60. Qc3 Qe4 61. Qd3+ Qxd3 62. Nxd3 Bg3 63. b4 e1=Q 64. Nxe1 Bxe1 65. Kb3 Kc7
66. Kc4 Kb6 67. Kb3 Bd2 68. Kc4 Be1 69. Kb3 1/2-1/2

[Event "4NCL 3 South pool B"]
[Site "Telford, ENG ENG"]
[Date "2016.02.13"]
[Round "5.129"]
[White "Cundy, Mark A"]
[Black "Obi, Marc ON"]
[Result "1-0"]
[WhiteElo "1945"]
[BlackElo "1900"]
[PlyCount "87"]
[EventDate "2016.02.13"]
[WhiteTeam "Warwickshire Select 2"]
[BlackTeam "MK Phoenix 2"]

1. e4 g6 2. d4 Bg7 3. Nc3 d6 4. f4 a6 5. Nf3 b5 6. Bd3 Nd7 7. e5 Bb7 8. O-O e6
9. Ne4 d5 10. Ng3 c5 11. Be3 c4 12. Be2 Nh6 13. Ng5 O-O 14. Bg4 Nxg4 15. Qxg4
h6 16. Nxe6 fxe6 17. Qxe6+ Kh7 18. f5 Qe8 19. fxg6+ Kh8 20. Qh3 Bc8 21. Bxh6
Qxg6 22. Bxg7+ Kxg7 23. Nf5+ Rxf5 24. Qxf5 Qxf5 25. Rxf5 Nf8 26. Rf6 Ne6 27. c3
Ng5 28. Raf1 Ne4 29. Rf7+ Kg6 30. Rf8 Rb8 31. Rg8+ Kh7 32. Rff8 b4 33. Rxc8
bxc3 34. Rxb8 c2 35. Rh8+ Kg7 36. Rbg8+ Kf7 37. Rf8+ Kg7 38. Rf1 Kxh8 39. Rc1
Kg7 40. Rxc2 Kg6 41. Rf2 a5 42. Rf4 a4 43. a3 Ng5 44. Rg4 1-0

[Event "4NCL 3 South pool B"]
[Site "Telford, ENG ENG"]
[Date "2016.02.13"]
[Round "5.130"]
[White "Majer, Chris E"]
[Black "Smith, Simon C"]
[Result "1-0"]
[WhiteElo "1930"]
[BlackElo "1909"]
[PlyCount "115"]
[EventDate "2016.02.13"]
[WhiteTeam "MK Phoenix 2"]
[BlackTeam "Warwickshire Select 2"]

1. e4 c5 2. Nc3 a6 3. a4 e6 4. f4 d5 5. e5 Nc6 6. Nf3 Nh6 7. d3 Nf5 8. g3 h5 9.
Bg2 h4 10. g4 h3 11. gxf5 hxg2 12. Rg1 Rxh2 13. f6 Rh1 14. Kf2 Rxg1 15. Qxg1
gxf6 16. Qxg2 fxe5 17. fxe5 Bd7 18. Qg8 Ne7 19. Qh7 Qb6 20. Ng5 O-O-O 21. Nxf7
Nf5 22. a5 Qb4 23. Nxd8 Qd4+ 24. Kf3 Qg1 25. Qh3 Nd4+ 26. Kf4 Qf2+ 27. Kg5 Be7+
28. Kg6 Be8+ 29. Kh7 Kxd8 30. Bh6 Qf7+ 31. Kh8 Qg6 32. Rf1 Bf7 33. Bg7 Nf5 34.
Qh7 Qg5 35. Rxf5 Qxf5 36. Qxf5 exf5 37. Bh6 Kd7 38. Kg7 Be6 39. Kg6 Kc6 40. Ne2
Bd8 41. Bd2 Kd7 42. d4 cxd4 43. Nxd4 f4 44. Bxf4 Bxa5 45. Kf6 Bd8+ 46. Kg6 Be7
47. Bg5 Bc5 48. Be3 Be7 49. Bg5 Bxg5 50. Kxg5 Bh3 51. Kf6 Bg4 52. e6+ Ke8 53.
c3 Bh3 54. Ke5 Bg2 55. Kd6 Kd8 56. e7+ Ke8 57. Nf5 Bh3 58. Ng7+ 1-0